000 00564nam a2200217Ia 4500
001 126628
003 217894
005 20250129093553.0
008 ||||||n9999 ||| || ||
082 _a346.07
100 _aÁngel LHoeste, Fernando
_9135355
245 0 _aDerecho comercial
_bsociedades comerciales
562 _e1
650 0 _aDerecho comercial
_910745
650 0 _aSociedades comerciales
_98988
650 _aSOCIEDADES COMERCIALES--HISTORIA--COLOMBIA
_9152455
942 _cBKM
999 _c126628
_d126628
526 _a4969
526 _a51868
526 _a1697